Antologia poética (Registo nº 1503)

Detalhes MARC
000 -Etiqueta do registo
Cabeçalho 00858nam0a2200277 4500
005 - Identificador da versão
Campo de controlo 20240813121838.0
010 ## - Número internacional normalizado dos livros (ISBN)
Número (ISBN) 9789898205902
021 ## - Número do Depósito Legal
Código do país PT
Número 349749/12
100 ## - Dados gerais de processamento
Dados gerais de processamento 20150605d2012 m y0pory50030103ba
102 ## - Pais de publicação ou produção
País de publicação Portugal
101 0# - Língua de publicação
Língua do texto, banda sonora, etc. Português
215 ## - Descrição física 
Indicação específica da natureza do documento e extensão da espécie 37, [3] p.
Outras indicações físicas il. color
200 1# - Titulo e menção de responsabilidade
Título próprio Antologia poética
Primeira menção de responsabilidade Mário de Sá-Carneiro
Outras menções de responsabilidade il. Tiago Manuel
-- ed. lit. António Gonçalves
225 2# - Colecção 
Título próprio da colecção Treze luas
205 ## - Menção da edição
Menção da edição 1ª ed
210 ## - Publicação, Distribuição, etc. 
Lugar da edição, distribuição, etc. Matosinhos
Nome do editor, distribuidor, etc. Faktoria K de Livros
Data da publicação, distribuição, etc. 2012
606 ## - Nome comum usado como assunto
Número de registo de entrada de autoridade 0002007
Palavra de ordem Literatura portuguesa
Subdivisão de assunto Poesia
Código do sistema CA
675 ## - Classificação Decimal Universal (CDU)
Notação 821.134.3-1
Edição 3ª ed.
Língua da edição por
702 #1 - Nome de autor-pessoa física (responsabilidade secundária)
Número de registo de entrada de autoridade 0002254
Palavra de ordem Manuel
Outra parte do nome não tomada para palavra de ordem Tiago
Datas 1955-
Código de função Ilustrador / Técnico de desenho computorizado
Número de registo de entrada de autoridade 0002255
Palavra de ordem Gonçalves
Outra parte do nome não tomada para palavra de ordem António
Código de função Editor literário / Coordenador
700 #1 - Nome de autor-pessoa física (responsabilidade principal)
Número de registo de entrada de autoridade 0002256
Palavra de ordem Sá-Carneiro
Outra parte do nome não tomada para palavra de ordem Mário de
Datas 1890-1916
966 ## - Identificação da Biblioteca
Sigla EB2,3ENM
942 ## - Elementos de entrada adicionados (Koha)
Tipo de item no Koha Livro
Exemplares
Situação do levantamento Origin of item (home branch) (coded) Biblioteca de empréstimo Código de barras Cota Circulation type (not for loan) Tipo de documento Nota do exemplar Damaged status
  Biblioteca Escolar Eng. Nuno Mergulhão Biblioteca Escolar Eng. Nuno Mergulhão BENM3531 82LP-1 SÁ   Livro Sem mensagem